भारतीय महिलाओं की दशा (Record no. 7183)

MARC details
000 -LEADER
fixed length control field 01065 a2200217 4500
005 - DATE AND TIME OF LATEST TRANSACTION
control field 20080915162847.0
008 - FIXED-LENGTH DATA ELEMENTS--GENERAL INFORMATION
fixed length control field 080915t xxu||||| |||| 00| 0 hin d
010 ## - LCCN (DPL NO)
LC control number HIN-80854
020 ## - INTERNATIONAL STANDARD BOOK NUMBER
International Standard Book Number 8176751774
Terms of availability 400.00
035 ## - SYSTEM CONTROL NUMBER
System control number HN-53200
037 ## - SOURCE OF ACQUISITION
Source of stock number/acquisition D.B.Act / pub
082 ## - DEWEY DECIMAL CLASSIFICATION NUMBER
Classification number 305.4
100 ## - MAIN ENTRY--PERSONAL NAME
Personal name शर्मा, सुभाष
245 ## - TITLE STATEMENT
Title भारतीय महिलाओं की दशा
Statement of responsibility, etc सुभाष शर्मा
246 ## - VARYING FORM OF TITLE
Title proper/short title Bhaartiya Mahilaon ki Dashaa
Remainder of title by Subhash Sharma
260 ## - PUBLICATION, DISTRIBUTION, ETC. (IMPRINT)
Place of publication, distribution, etc पंचकूला
Name of publisher, distributor, etc आधार प्रकाशन
Date of publication, distribution, etc 2006
270 ## - ADDRESS
Address एस.सी.एफ 267, सेक्टर-16
City पंचकूला
Postal code 134113(हरियाणा)
300 ## - PHYSICAL DESCRIPTION
Extent 351पृ
Dimensions 22 सेमी (सजिल्द)
942 ## - ADDED ENTRY ELEMENTS (KOHA)
Institution code [OBSOLETE] dpl
Item type Hindi Books
Call number prefix 305.4 / शर्मासु
Source of classification or shelving scheme Dewey Decimal Classification
Classification part 305.4
Call number suffix शर्मासु
Holdings
Withdrawn status Lost status Source of classification or shelving scheme Damaged status Not for loan Home library Current library Date acquired Cost, normal purchase price Total Checkouts Full call number Barcode Date last seen Copy number Cost, replacement price Koha item type
    Dewey Decimal Classification     D.B.Act.Division D.B.Act.Division 15/09/2008 400.00   305.4 शर्मासु HN-53200 15/09/2008 1 400.00 Hindi Books

© Delhi Public Library
Hit Counter
free hit counter